Guess the Taylor Swift Song (no hints) 62 - Statistics

General Stats
  • This quiz has been taken 149 times
  • The average score is 238 of 320
Answer Stats
Answer % Correct
I
100%
you
98%
You
98%
The
94%
the
94%
to
94%
where
93%
me
92%
it
91%
in
88%
be
87%
your
87%
my
86%
so
86%
were
86%
All
85%
all
85%
And
84%
and
84%
that
84%
if
82%
If
82%
know
82%
of
82%
What
82%
for
81%
You're
80%
you're
80%
I'd
76%
Never
76%
But
75%
go
75%
as
74%
every
74%
now
73%
think
73%
didn't
72%
head
72%
how
71%
there
71%
would
71%
better
69%
could
69%
from
69%
still
69%
'Cause
68%
forget
68%
kind,
68%
kind
68%
up
68%
stay
66%
them
66%
Marjorie
65%
our
65%
should've
65%
Should've
65%
down
64%
alive,
62%
alive
62%
around
62%
clever
62%
clever,
62%
dead
62%
name
62%
talking
62%
You'd
62%
always
61%
back
61%
died
61%
loved
61%
much
60%
polite,
60%
polite
60%
signed
60%
Watched
59%
way
59%
asked
58%
Asked
58%
taken
58%
touch
58%
write
58%
power
56%
power,
56%
questions
56%
chill
55%
skies
55%
whole
55%
amber
54%
car
54%
dreams
54%
feet
54%
kept
54%
listening
54%
singing
54%
store
54%
autumn
53%
complained
53%
feel
53%
left
53%
such
53%
wakes
53%
grocery
52%
receipt
52%
stairs
52%
Long
51%
past
51%
frozen
49%
ride
49%
swims
49%
scrap
48%
backlogged
46%
wield
46%
closets
45%
limbs
45%
No matching quizzes found
Score Distribution
Percent of People with Each Score
Percentile by Number Answered
Your Score History
You have not taken this quiz